Les joueurs du Eleven All Stars de Amine - Statistiques

Statistiques générales
  • Ce quiz a été pris 309 fois
  • Le résultat moyen est 16 sur 23
Statistiques - réponses
Numéro Streamer/Joueur % Correct
9 Amine
97%
2 Inoxtag
97%
7 Michou
96%
10 Billy
90%
1 Djilsi
85%
27 PFut
78%
22 Yannou
76%
8 Carlito
75%
Coach Kameto
75%
94 Le Bouseuh
75%
23 Sacha
75%
14 Yass
70%
Coach Saïd
68%
99 Zack Nani
68%
28 Bruce Grannec
66%
6 Tonton
66%
21 Boumé
63%
12 Domingo
60%
42 Brawks
56%
11 Alonz
53%
5 Arsène
47%
4 Bibi
44%
29 Rivenzi
44%
Aucun quiz correspondant
Distribution des résultats
% des personnes avec chaque résultat
Percentile par nombre de réponses
Votre historique - résultats
Vous n’avez pas pris ce quiz